000 00545nam a2200157Ia 4500
008 260520s2019 xx 000 0 und d
041 _amar
082 _a954.03/KUL
100 _aकुलकर्णी, सुमित्रा
245 _aअनमोल वारसा खंड - १
250 _a1st ed
260 _aमुंबई
_bमहाराष्ट्र राज्य साहित्य आणि संस्कृती मंडळ
_c2019
300 _a164p.
500 _aCat No: 15214
650 _aHISTORY
999 _c1221938
_d1221938